| 000 | 00453nam a22001817a 4500 | ||
|---|---|---|---|
| 003 | CEME | ||
| 005 | 20210628203342.0 | ||
| 008 | 210305b xxu||||| |||| 00| 0 eng d | ||
| 020 | _a0-333-02615-2 | ||
| 040 | _c. | ||
| 082 | _a808.84 BAR | ||
| 100 |
_aBARISH, JONAS A _964916 |
||
| 245 | _aJonson, volpone | ||
| 260 |
_aNEW YORK _bMACMILLAN PRESS _c1972 |
||
| 300 | _a255P | ||
| 650 |
_aENGLISH LITERATURE-CRITICAL ESSAYS _923462 |
||
| 942 |
_cBK _2ddc |
||
| 999 |
_c573272 _d573272 |
||